Il mio amato /
Guardat en:
| Autor principal: | |
|---|---|
| Altres autors: | |
| Format: | Llibre |
| Idioma: | italià |
| Publicat: |
Firenze :
Giuntina,
\1999!
|
| Col·lecció: | Collana Schulim Vogelmann ;
74 |
| Etiquetes: |
Sense etiquetes, Sigues el primer a etiquetar aquest registre!
|
MARC
| LEADER | 00000nam a2200000 i 4500 | ||
|---|---|---|---|
| 001 | IT\ICCU\CAG\0059665 | ||
| 003 | ItRI | ||
| 005 | 20260124000037.0 | ||
| 008 | 990311s1999 it |||||| ||||| |||||c | ||
| 015 | |2 IT |a 99-5466 | ||
| 020 | |a 8880570773 | ||
| 040 | |b ita |c CDM | ||
| 041 | 7 | |a ita |2 ISO-639-2 | |
| 082 | |a 892.436 |2 20 | ||
| 100 | 1 | |a Bar-Yosef, Yehošuʻa |0 IT\ICCU\CAGV\021464 |4 aut | |
| 240 | 1 | 0 | |a Ahavat nefeš. |9 Bar-Yosef, Yehošuʻa |
| 245 | 1 | 3 | |a Il mio amato / |c Yehoshua Bar-Yosef ; traduzione di Antonio Di Gesù. |
| 260 | |a Firenze : |b Giuntina, |c \1999! | ||
| 300 | |a 120 p. ; |c 20 cm. | ||
| 700 | 1 | |a Di Gesù, Antonio |0 IT\ICCU\UBOV\100886 | |
| 830 | 0 | |a Collana Schulim Vogelmann ; |v 74 |0 IT\ICCU\CFI\0005210 | |
| 942 | |2 ddc |c BK | ||
| 952 | |0 0 |1 0 |2 ddc |4 0 |6 892_436000000000000_BAR_MIO |7 1 |9 1882 |a RA |b RA |d 2024-09-05 |l 0 |o 892.436 BAR MIO |p 9479 |r 2024-09-05 18:21:09 |w 2024-09-05 |y BK |z Donazione di Pietro Brentini | ||
| 952 | |0 0 |1 0 |2 ddc |4 0 |6 892_436000000000000_BAR_MIO |7 1 |9 4052 |a AO |b AO |d 2025-04-29 |l 0 |o 892.436 BAR MIO |p 11237 |r 2025-04-29 11:30:49 |w 2025-04-29 |x Di proprietà di Giulio Gasperini |y BK | ||
| 952 | |0 0 |1 0 |2 ddc |4 0 |6 B_LNR02BARYEMIO11 |7 0 |9 8511 |a MI |b MI |d 2006-01-20 |i 5042 |l 0 |o B-LNR02-BARYE-MIO11 |p CDOM5042 |r 2025-07-17 21:50:00 |w 2025-07-17 |x DONO |y BK | ||
| 952 | |0 0 |1 0 |4 0 |6 DOC_892_436000000000000_BAR |7 0 |9 17410 |a BO |b BO |d 2026-01-15 |i 12938 |l 0 |o DOC 892.436 BAR |p BO12938 |r 2026-01-15 23:19:38 |w 2026-01-15 |x [Sebina 5] [1 v.] |y BK |z 1 v. | ||
| 952 | |0 0 |1 0 |4 0 |6 DOC_892_436000000000000_BAR |7 0 |9 17411 |a BO |b BO |d 2026-01-15 |i 18477 |l 0 |o DOC 892.436 BAR |p BO18477 |r 2026-01-15 23:19:38 |w 2026-01-15 |x [Sebina 5] [1 v.] |y BK |z 1 v. (2. copia) | ||
| 981 | 1 | |6 z01 |a i |b xxxe | |
| 982 | 1 | |6 z01 |a n | |
| 999 | |c 1660 |d 1660 | ||